000 00583nam a2200229Ia 4500
003 OSt
005 20220924142525.0
006 a|||||r|||| 00| 0
007 ta
008 220923b |||||||| |||| 00| 0 mni d
024 _a302310
037 _cTextual
040 _aARTS
_cARTS
_bmni
041 _2mni
_amni
082 _aV446114:1xL, 446114M2
100 _aBhogeswar
_9213562
245 0 _aMoirang ningthoroil lombuba
260 _c1982
650 _aHISTORY
942 _hV446114:1xL, 446114M2
_cTEXL
_2CC
999 _c451032
_d451032